000 01081 a2200229 4500
001 54343
005 20260407155815.0
008 260407a1967 arg spa d
003 AR-UNSa-BCEJYS
040 _aAR-UNSa-BCEJYS
_bspa
_cAR-UNSa-BCEJYS
080 _a330(73)
_xEconomía de los Estados Unidos
245 1 0 _aTres sectores de la economía
_pmercantil, no lucrativa y gubernamental
264 1 _aMéxico :
_bLimusa-Wiley
_c1967
300 _a256 p.
_c19 cm.
505 _a1. Un modelo práctico - 2. Los tres sectores - 3. Variedades de empresas gubernamentales - 4. Actividades económicas de las instituciones no lucrativas - 5. Escala y extensión del sector no lucrativo - 6. Tendencias del empleo en el sector no lucrativo - 7. Contrataciones de la defensa: aeronáutica y espacio - 8. Expansión de las empresas no lucrativas: La industria de los servicios de sanidad - 9. Empresa y empleo
041 _aspa
942 _cBK
590 _aniveau_biblio:m niveau_hierar:0
100 1 _aGinzberg, Eli
700 1 _aHiestand, Dale L.
700 1 _aReubens, Beatrice G.
999 _c5505
_d5505